[Event "OLNN 1718 Königsspringer HH - Hamburge"]
[Site "?"]
[Date "2017.12.10"]
[Round "4.7"]
[White "Rogozenco, Teodora"]
[Black "Harder, Clemens"]
[Result "0-1"]
[WhiteElo "2153"]
[BlackElo "2181"]
[PlyCount "46"]
[EventDate "2017.??.??"]

1. d4 d5 2. c4 c6 3. Nf3 Nf6 4. e3 Bf5 5. Nc3 e6 6. Nh4 Bg4 7. Qb3 Qc7 8. f3
Bh5 9. g4 Bg6 10. cxd5 Nxd5 11. e4 Nxc3 12. bxc3 Nd7 13. Be3 Bd6 14. e5 Be7 15.
Nxg6 hxg6 16. g5 Nxe5 17. dxe5 Qxe5 18. Kf2 Bc5 19. Re1 O-O-O 20. Bd4 Rxh2+ 21.
Bg2 Bxd4+ 22. cxd4 Qxd4+ 23. Qe3 Qxe3+ 0-1

[Event "OLNN 1718 Königsspringer HH - Hamburge"]
[Site "?"]
[Date "2017.12.10"]
[Round "4.8"]
[White "Langmann, Markus"]
[Black "Pajeken, Jakob"]
[Result "1-0"]
[WhiteElo "2064"]
[BlackElo "2227"]
[PlyCount "105"]
[EventDate "2017.??.??"]

1. e4 e5 2. Nf3 Nc6 3. d4 exd4 4. Nxd4 Nf6 5. Nxc6 bxc6 6. e5 Qe7 7. Qe2 Nd5 8.
c4 Nb6 9. Nc3 Ba6 10. b3 O-O-O 11. f4 f6 12. Bb2 Re8 13. Ne4 fxe5 14. fxe5 Qh4+
15. g3 Bb4+ 16. Kd1 Qh6 17. a3 Be7 18. Kc2 Kb8 19. Rd1 Qg6 20. Qd3 Rhf8 21. Rd2
Nd5 22. Bg2 Qh6 23. Re1 Bb4 24. Nc3 Bxc3 25. Bxc3 Nxc3 26. Qxc3 Bc8 27. h4 Qe6
28. Kb2 h6 29. Re3 Re7 30. b4 Rfe8 31. Rde2 Ba6 32. Re4 Qg6 33. R2e3 Qf5 34.
Rf4 Qh5 35. b5 Bb7 36. bxc6 dxc6 37. Bf3 Qg6 38. Be4 Qe6 39. Bf5 Qg8 40. c5 Qd5
41. Rd4 Qf7 42. Bh3 a6 43. e6 Qf2+ 44. Rd2 Qg1 45. Qe5 Qh1 46. Rd7 Ka8 47. Rxe7
Rxe7 48. Bf5 Qf1 49. Bd3 Qd1 50. Bc2 Qg4 51. Qf4 Qh5 52. Qf8+ Re8 53. Qf7 1-0

[Event "OLNN 1718 Johanneum Eppendorf - SC Diog"]
[Site "?"]
[Date "2018.01.21"]
[Round "5.1"]
[White "Schulenburg, Fabian"]
[Black "Wedberg, Tom"]
[Result "1/2-1/2"]
[WhiteElo "2251"]
[BlackElo "2445"]
[PlyCount "37"]
[EventDate "2018.??.??"]

1. e4 c5 2. Nf3 e6 3. b3 b6 4. Bb2 Bb7 5. d3 Nf6 6. g3 Be7 7. Bg2 O-O 8. O-O d5
9. exd5 exd5 10. d4 Nc6 11. Nbd2 Rc8 12. Re1 Re8 13. Nf1 cxd4 14. Nxd4 Nxd4 15.
Bxd4 Ne4 16. Ne3 Bf6 17. a4 Nc3 18. Qd2 h6 19. f4 1/2-1/2

[Event "OLNN 1718 Johanneum Eppendorf - SC Diog"]
[Site "?"]
[Date "2018.01.21"]
[Round "5.2"]
[White "Zart, Ruediger"]
[Black "Korba, Roman"]
[Result "1-0"]
[WhiteElo "2228"]
[BlackElo "2165"]
[PlyCount "89"]
[EventDate "2018.??.??"]

1. e4 g6 2. d4 Bg7 3. Nc3 a6 4. a4 d6 5. Nf3 Nf6 6. Be2 O-O 7. O-O b6 8. Re1
Bb7 9. Bf1 e6 10. Bf4 h6 11. h3 Re8 12. Qd2 Kh7 13. Rad1 Ng8 14. Qe3 Nd7 15. e5
Bxf3 16. Qxf3 d5 17. g4 Ne7 18. Ne2 c5 19. c3 c4 20. h4 b5 21. axb5 axb5 22.
Ra1 Rf8 23. Qe3 Nc6 24. Bg3 Qb6 25. Kh1 b4 26. h5 Rfb8 27. Nf4 Nf8 28. hxg6+
fxg6 29. Bh3 bxc3 30. bxc3 Qb2 31. Rxa8 Rxa8 32. g5 Nd8 33. gxh6 Bxh6 34. Bg4
Ra3 35. Rc1 Ra1 36. Rxa1 Qxa1+ 37. Kg2 Qb1 38. Qf3 Bxf4 39. Bxf4 Kg7 40. Bg5
Nf7 41. Be7 Qd3 42. Qf6+ Kg8 43. Bxf8 Kxf8 44. Bxe6 Qe4+ 45. Kg3 1-0

[Event "OLNN 1718 Johanneum Eppendorf - SC Diog"]
[Site "?"]
[Date "2018.01.21"]
[Round "5.3"]
[White "Schulenburg, Torben"]
[Black "Schroeder, Christoph"]
[Result "1/2-1/2"]
[WhiteElo "2184"]
[BlackElo "2218"]
[PlyCount "39"]
[EventDate "2018.??.??"]

1. d4 d5 2. c4 e6 3. Nf3 Nf6 4. g3 dxc4 5. Qa4+ Nbd7 6. Bg2 a6 7. Qxc4 b5 8.
Qc2 Bb7 9. Bd2 c5 10. dxc5 Bxc5 11. b4 Be7 12. O-O Rc8 13. Qb3 O-O 14. Nc3 Nd5
15. a3 Bf6 16. Rac1 Nxc3 17. Bxc3 Bxc3 18. Rxc3 Rxc3 19. Qxc3 Nb6 20. Nd2
1/2-1/2

[Event "OLNN 1718 Johanneum Eppendorf - SC Diog"]
[Site "?"]
[Date "2018.01.21"]
[Round "5.4"]
[White "Behrhorst, Frank"]
[Black "Stephan, Axel"]
[Result "1/2-1/2"]
[WhiteElo "2244"]
[BlackElo "2207"]
[PlyCount "57"]
[EventDate "2018.??.??"]

1. d4 g6 2. c4 Bg7 3. Nc3 c5 4. d5 Bxc3+ 5. bxc3 f5 6. f3 Nf6 7. Bh6 Qa5 8. Qc2
d6 9. e4 fxe4 10. Bg7 Rg8 11. Bxf6 exf6 12. fxe4 Nd7 13. Nf3 Nb6 14. Bd3 Bd7
15. O-O Na4 16. Rab1 Qxc3 17. Qe2 O-O-O 18. Rb3 Qa5 19. Rfb1 Qc7 20. Qd2 Rgf8
21. Bc2 Nb6 22. Qc3 Rf7 23. Nd2 Kb8 24. Ra3 Be8 25. Nb3 Nc8 26. Na5 Nb6 27. Nb3
Ka8 28. Rf1 Kb8 29. Na5 1/2-1/2

[Event "OLNN 1718 Johanneum Eppendorf - SC Diog"]
[Site "?"]
[Date "2018.01.21"]
[Round "5.5"]
[White "Gottuk, Stefan"]
[Black "Wenzel, Birger"]
[Result "1/2-1/2"]
[WhiteElo "2182"]
[BlackElo "2110"]
[PlyCount "96"]
[EventDate "2018.??.??"]

1. d4 d5 2. Bf4 e6 3. e3 Nf6 4. Nf3 Bd6 5. Bg3 O-O 6. Bd3 c5 7. c3 b6 8. Nbd2
Qc7 9. Bxd6 Qxd6 10. e4 dxe4 11. Nxe4 Nxe4 12. Bxe4 Nc6 13. dxc5 Qxc5 14. O-O
Ba6 15. Re1 Rac8 16. Qc1 Rfd8 17. Qf4 h6 18. Rad1 Qf8 19. Bb1 Ne7 20. Ne5 Bb7
21. Qg3 Nd5 22. Rd4 Nf6 23. Red1 Rxd4 24. Rxd4 Rd8 25. Qd3 Rxd4 26. Qxd4 Qc8
27. f3 Qc7 28. Bd3 Kf8 29. Bb5 Ke7 30. Qb4+ Qc5+ 31. Qxc5+ bxc5 32. Kf2 Nd5 33.
a4 f6 34. Nd3 Kd6 35. a5 Nc7 36. Ba4 Ba6 37. Nf4 e5 38. Nh5 Ne6 39. Ng3 Bd3 40.
Nh5 Bg6 41. Ng3 Nf4 42. Bb5 Kd5 43. b3 Bd3 44. Be8 Bc2 45. Bf7+ Kc6 46. Be8+
Kd5 47. Bf7+ Kc6 48. Be8+ Kd5 1/2-1/2

[Event "OLNN 1718 Johanneum Eppendorf - SC Diog"]
[Site "?"]
[Date "2018.01.21"]
[Round "5.6"]
[White "Schueler, Hendrik"]
[Black "Laqua, Christian"]
[Result "1/2-1/2"]
[WhiteElo "2136"]
[BlackElo "2129"]
[PlyCount "31"]
[EventDate "2018.??.??"]

1. d4 Nf6 2. c4 c5 3. Nf3 cxd4 4. Nxd4 e6 5. e3 a6 6. a3 Qc7 7. Be2 b6 8. O-O
Bb7 9. b3 Be7 10. Bb2 O-O 11. Nd2 d6 12. Bf3 Nc6 13. Nxc6 Bxc6 14. Bxc6 Qxc6
15. Rc1 Rfc8 16. Qe2 1/2-1/2

[Event "OLNN 1718 Johanneum Eppendorf - SC Diog"]
[Site "?"]
[Date "2018.01.21"]
[Round "5.7"]
[White "Woelk, Tom-Frederic"]
[Black "Wirthgen, Peter"]
[Result "1/2-1/2"]
[WhiteElo "2022"]
[BlackElo "2049"]
[PlyCount "138"]
[EventDate "2018.??.??"]

1. e4 c6 2. d4 d5 3. Nc3 g6 4. Nf3 Bg7 5. e5 Bg4 6. h3 Bxf3 7. Qxf3 e6 8. Be3
Ne7 9. O-O-O a6 10. Na4 Nd7 11. Bg5 b5 12. Nc3 c5 13. Bf6 Bxf6 14. exf6 Nc6 15.
dxc5 Qxf6 16. Qg3 Rc8 17. a4 Nxc5 18. axb5 axb5 19. Bxb5 O-O 20. Bxc6 Rxc6 21.
Qf3 Qg7 22. Rhe1 Ra8 23. Kd2 Qd4+ 24. Ke2 Qc4+ 25. Kd2 Ne4+ 26. Nxe4 Qxc2+ 27.
Ke3 dxe4 28. Qxe4 Qc5+ 29. Kf3 Rb8 30. Rd2 Rb4 31. Rd8+ Kg7 32. Qe5+ Qxe5 33.
Rxe5 Rc2 34. Rd1 Rb3+ 35. Re3 Rbxb2 36. Rf1 h5 37. g3 g5 38. Ra3 Kg6 39. Rd3
Ra2 40. Rb3 Rd2 41. Rc3 f6 42. Re3 e5 43. Rb3 Re2 44. Re3 Reb2 45. Rc3 Kf5 46.
g4+ Kg6 47. Re3 Rc2 48. Kg3 Rc4 49. Rfe1 Rf4 50. R1e2 Ra1 51. f3 Rb4 52. Re1
Rxe1 53. Rxe1 h4+ 54. Kf2 Rb2+ 55. Re2 Rxe2+ 56. Kxe2 Kf7 57. Kd3 Ke7 58. Ke3
Kd6 59. Ke4 Ke6 60. Kd3 f5 61. gxf5+ Kxf5 62. Ke3 Kf6 63. Ke4 Ke6 64. Kd3 Kd5
65. Ke3 Ke6 66. Ke4 Kf6 67. Kd3 Kf5 68. Ke3 Ke6 69. Ke4 Kf6 1/2-1/2

[Event "OLNN 1718 Johanneum Eppendorf - SC Diog"]
[Site "?"]
[Date "2018.01.21"]
[Round "5.8"]
[White "Johannsen, Dennis"]
[Black "Kilic, Oguz"]
[Result "1-0"]
[WhiteElo "2112"]
[BlackElo "2066"]
[PlyCount "57"]
[EventDate "2018.??.??"]

1. c4 Nf6 2. Nf3 g6 3. g3 Bg7 4. Bg2 O-O 5. O-O d6 6. Nc3 e5 7. d3 Nc6 8. Rb1
Bg4 9. b4 Qd7 10. Re1 h6 11. Qa4 Bh3 12. Bh1 Nh5 13. Nd5 f5 14. b5 Nd8 15. Nd2
Ne6 16. Nb4 Nc5 17. Qc2 f4 18. Ne4 fxg3 19. hxg3 Nxe4 20. dxe4 Qg4 21. Rb3 Rxf2
22. Kxf2 Rf8+ 23. Ke3 Nxg3 24. Bf3 Qh4 25. Qd1 Bf6 26. Kd3 Bg5 27. Rg1 Nh5 28.
Nd5 Qf2 29. Kc2 1-0

[Event "OLNN 1718 Hamburger SK III - Schachfreu"]
[Site "?"]
[Date "2018.01.21"]
[Round "5.1"]
[White "Sawatzki, Frank"]
[Black "Gaede, Derek"]
[Result "0-1"]
[WhiteElo "2400"]
[BlackElo "2303"]
[PlyCount "65"]
[EventDate "2018.??.??"]

1. e4 e6 2. d4 d5 3. Nc3 Nf6 4. Bg5 Be7 5. e5 Nfd7 6. Bxe7 Qxe7 7. f4 O-O 8.
Nf3 c5 9. dxc5 Nxc5 10. Bd3 f6 11. O-O Nc6 12. exf6 Qxf6 13. Ne5 Nxe5 14. fxe5
Qe7 15. Rxf8+ Qxf8 16. Bxh7+ Kxh7 17. Qh5+ Kg8 18. Rf1 Qe7 19. Rf4 Bd7 20. Rh4
Rf8 21. Qh7+ Kf7 22. Rg4 Ke8 23. Rxg7 Rf7 24. Qg6 Bc6 25. b4 d4 26. bxc5 dxc3
27. Kh1 Be4 28. Qh5 Qf8 29. Rg4 Kd7 30. h3 Rh7 31. Qg5 Rxh3+ 32. Kg1 Qxc5+ 33.
Kf1 0-1

[Event "OLNN 1718 Hamburger SK III - Schachfreu"]
[Site "?"]
[Date "2018.01.21"]
[Round "5.2"]
[White "Groetzbach, Julian"]
[Black "Bokelbrink, Uwe"]
[Result "1-0"]
[WhiteElo "2281"]
[BlackElo "2294"]
[PlyCount "103"]
[EventDate "2018.??.??"]

1. e4 c5 2. Nf3 Nc6 3. Bb5 g6 4. Bxc6 bxc6 5. O-O Bg7 6. Re1 Nh6 7. c3 O-O 8.
h3 f5 9. e5 Nf7 10. d3 d6 11. e6 Ne5 12. Bf4 Qb6 13. Bxe5 dxe5 14. Nbd2 Ba6 15.
Qc2 c4 16. Nxe5 cxd3 17. Qb3 Bxe5 18. Rxe5 Rad8 19. Rd1 Rd6 20. Nf3 c5 21. c4
Rfd8 22. Re3 d2 23. Re2 Qxb3 24. axb3 Rb8 25. Re3 Kg7 26. Rxd2 Rxd2 27. Nxd2
Rd8 28. Nf3 Kf6 29. Ne5 Rd4 30. Kh2 Bc8 31. Nd3 Bxe6 32. Nxc5 Bf7 33. f4 Rd2
34. Kg3 h6 35. h4 e6 36. Nd3 Be8 37. Nc5 Bf7 38. Rd3 Rxb2 39. Rd7 Ra2 40. Rc7
Be8 41. b4 a6 42. Kf3 Ra3+ 43. Kf2 Ra2+ 44. Ke3 Rxg2 45. Nxa6 g5 46. hxg5+ hxg5
47. fxg5+ Rxg5 48. Nc5 Rg4 49. b5 Rxc4 50. b6 f4+ 51. Kd2 f3 52. Nd7+ 1-0

[Event "OLNN 1718 Hamburger SK III - Schachfreu"]
[Site "?"]
[Date "2018.01.21"]
[Round "5.3"]
[White "Hermesmann, Hans"]
[Black "Bente, Bjoern"]
[Result "1/2-1/2"]
[WhiteElo "2243"]
[BlackElo "2206"]
[PlyCount "128"]
[EventDate "2018.??.??"]

1. d4 d5 2. c4 e6 3. Nc3 Nf6 4. cxd5 exd5 5. Bg5 c6 6. Qc2 Be7 7. e3 Nbd7 8.
Bd3 h6 9. Bh4 Nh5 10. Bxe7 Qxe7 11. Nge2 Nb6 12. O-O O-O 13. Rab1 a5 14. a3 a4
15. Qd1 Qg5 16. Qc2 Re8 17. Rbe1 Bg4 18. Ng3 Nxg3 19. hxg3 h5 20. f3 Bd7 21.
Qf2 Bf5 22. e4 dxe4 23. fxe4 Bg6 24. Bb1 Re7 25. Ba2 Nd7 26. e5 Rf8 27. Re3 Nf6
28. Qf4 Qxf4 29. gxf4 Ng4 30. Ref3 Bf5 31. Bb1 Bxb1 32. Rxb1 Rd8 33. Rd1 f6 34.
Rfd3 c5 35. exf6 gxf6 36. d5 b5 37. d6 Rb7 38. Rh3 Rb6 39. Rxh5 Rbxd6 40. Rxd6
Rxd6 41. Rxc5 Rd4 42. Rxb5 Rxf4 43. Rb4 Rxb4 44. axb4 Kf7 45. Nxa4 Ke6 46. Nc3
Ne5 47. b5 Nd3 48. Na4 Kd5 49. Kh2 f5 50. Kg3 Kd6 51. Kf3 Ne1+ 52. Kf2 Nc2 53.
g3 Nd4 54. b6 Kc6 55. Ke3 Ne6 56. b4 Ng7 57. Kf3 Ne6 58. Nc5 Nd4+ 59. Ke3 Nc2+
60. Kf4 Kxb6 61. Kxf5 Nxb4 62. Ne4 Kc7 63. Kf4 Kc6 64. g4 Nd5+ 1/2-1/2

[Event "OLNN 1718 Hamburger SK III - Schachfreu"]
[Site "?"]
[Date "2018.01.21"]
[Round "5.4"]
[White "Lindinger, Markus"]
[Black "Ritscher, Jan-Paul"]
[Result "1/2-1/2"]
[WhiteElo "2240"]
[BlackElo "2220"]
[PlyCount "61"]
[EventDate "2018.??.??"]

1. d4 f5 2. Nf3 Nf6 3. Bf4 e6 4. e3 b6 5. Bd3 Bb7 6. Nbd2 Be7 7. h3 Ne4 8. Rg1
O-O 9. g4 d6 10. gxf5 exf5 11. c3 Nd7 12. Qc2 Ndf6 13. Ng5 Nxg5 14. Bxg5 Ne4
15. Nxe4 fxe4 16. Bxe4 Bxe4 17. Qxe4 Bxg5 18. Qd5+ Kh8 19. Qxg5 Qxg5 20. Rxg5
Rf3 21. Rg3 Raf8 22. Rxf3 Rxf3 23. Ke2 Rxh3 24. b4 Kg8 25. b5 Rh5 26. a4 a5 27.
bxa6 Ra5 28. c4 Rxa6 29. f4 g6 30. e4 Kf7 31. Kf3 1/2-1/2

[Event "OLNN 1718 Hamburger SK III - Schachfreu"]
[Site "?"]
[Date "2018.01.21"]
[Round "5.5"]
[White "Kluenger, Marc"]
[Black "Hinrichs, Lars"]
[Result "1/2-1/2"]
[WhiteElo "2197"]
[BlackElo "2216"]
[PlyCount "68"]
[EventDate "2018.??.??"]

1. Nf3 d6 2. c4 e5 3. Nc3 f5 4. d3 Be7 5. g3 Nf6 6. Bg2 O-O 7. O-O Qe8 8. b4 a5
9. bxa5 Nc6 10. c5 d5 11. d4 e4 12. Ne5 Nxa5 13. f4 exf3 14. exf3 Bxc5 15. f4
Bb4 16. Nxd5 Nxd5 17. Bxd5+ Be6 18. Qf3 Rd8 19. Bxe6+ Qxe6 20. a3 Nb3 21. Rb1
Nxd4 22. Qxb7 Bc5 23. Be3 Qa2 24. Kh1 h5 25. Bxd4 Rxd4 26. Qb3+ Qxb3 27. Rxb3
Ra8 28. Rc1 Bxa3 29. Rxc7 Bd6 30. Rc2 Bxe5 31. fxe5 Re4 32. Rb5 h4 33. Kg2 Ra1
34. e6 Rxe6 1/2-1/2

[Event "OLNN 1718 Hamburger SK III - Schachfreu"]
[Site "?"]
[Date "2018.01.21"]
[Round "5.6"]
[White "Zieher, Hartmut"]
[Black "Zimmermann, Martin"]
[Result "1/2-1/2"]
[WhiteElo "2225"]
[BlackElo "2135"]
[PlyCount "80"]
[EventDate "2018.??.??"]

1. e4 c5 2. Nf3 d6 3. d4 cxd4 4. Nxd4 Nf6 5. Nc3 e6 6. Be3 a6 7. f4 Qc7 8. Qf3
Nc6 9. Bd3 Bd7 10. O-O Nxd4 11. Bxd4 Bc6 12. Rae1 Be7 13. a4 Qa5 14. Kh1 h5 15.
Qe3 h4 16. Be2 h3 17. Bf3 hxg2+ 18. Kxg2 e5 19. Bb6 Qb4 20. fxe5 Nd7 21. Bc7
Nxe5 22. a5 Qxb2 23. Re2 Rc8 24. Rb1 Qxb1 25. Nxb1 Rxc7 26. Nc3 O-O 27. Nd5
Bxd5 28. exd5 Rfc8 29. Be4 Rc3 30. Qb6 R8c7 31. Qa7 g6 32. Qb8+ Kg7 33. Qe8 Bf6
34. Bd3 Re7 35. Qa4 Nxd3 36. Rxe7 Bxe7 37. cxd3 Rc7 38. Kf3 Bf6 39. Qb4 Be7 40.
Qb6 Rd7 1/2-1/2

[Event "OLNN 1718 Hamburger SK III - Schachfreu"]
[Site "?"]
[Date "2018.01.21"]
[Round "5.7"]
[White "Jaeckle, Marco"]
[Black "Bach, Matthias"]
[Result "0-1"]
[WhiteElo "2244"]
[BlackElo "2246"]
[PlyCount "54"]
[EventDate "2018.??.??"]

1. e4 e5 2. d4 exd4 3. Bc4 Nc6 4. Nf3 Nf6 5. e5 d5 6. Bb5 Ne4 7. Nxd4 Bc5 8.
Be3 Bd7 9. Bxc6 bxc6 10. O-O Qe7 11. Re1 O-O 12. f3 Ng5 13. f4 Ne4 14. Nd2 f5
15. N2b3 Bb6 16. Nf3 Be6 17. a4 Bxe3+ 18. Rxe3 c5 19. Nbd2 Rab8 20. b3 d4 21.
Rd3 Bd5 22. Qe1 Nc3 23. Ng5 h6 24. Nh3 Be4 25. Rxc3 dxc3 26. Nxe4 fxe4 27. Qxe4
Rb4 0-1

[Event "OLNN 1718 Hamburger SK III - Schachfreu"]
[Site "?"]
[Date "2018.01.21"]
[Round "5.8"]
[White "Rogozenco, Teodora"]
[Black "Dietz, Juergen"]
[Result "0-1"]
[WhiteElo "2169"]
[BlackElo "2153"]
[PlyCount "54"]
[EventDate "2018.??.??"]

1. Nf3 f5 2. d4 Nf6 3. c4 g6 4. g3 Bg7 5. Bg2 O-O 6. O-O d6 7. Nc3 c6 8. d5 Bd7
9. e4 fxe4 10. Ng5 Na6 11. Ngxe4 Qc7 12. Re1 Nxe4 13. Nxe4 Rae8 14. Bf4 Bxb2
15. Rb1 Rxf4 16. gxf4 Bg7 17. Ng5 Nc5 18. Ne6 Bxe6 19. dxe6 Rf8 20. Qd2 Bh6 21.
Qc3 Rxf4 22. Rbc1 Qd8 23. Rc2 Bg7 24. Qg3 Qf8 25. Re3 Bd4 26. Rf3 Rxf3 27. Bxf3
Nxe6 0-1

[Event "OLNN 1718 SK Marmstorf - Königsspringer"]
[Site "?"]
[Date "2018.01.21"]
[Round "5.1"]
[White "Pfreundt, Jakob"]
[Black "Hebbinghaus, Holger"]
[Result "1/2-1/2"]
[WhiteElo "2384"]
[BlackElo "2252"]
[PlyCount "73"]
[EventDate "2018.??.??"]

1. Nf3 Nf6 2. c4 g6 3. Nc3 d5 4. cxd5 Nxd5 5. h4 Nxc3 6. bxc3 h6 7. Ba3 Bg7 8.
e3 Nd7 9. Bc4 Nb6 10. Be2 Bg4 11. Rc1 O-O 12. d4 Qd5 13. Qb3 Qxb3 14. axb3 Rfe8
15. Nd2 Bxe2 16. Kxe2 e5 17. Nf3 exd4 18. cxd4 c6 19. Kd3 Nd5 20. g3 f5 21. Nd2
Rad8 22. Nb1 Kf7 23. Nc3 Nxc3 24. Rxc3 Rd5 25. Rc5 Red8 26. h5 g5 27. Ke2 Bf8
28. Rxd5 Rxd5 29. Bxf8 Kxf8 30. Ra1 a6 31. Kd3 g4 32. b4 Ke7 33. Kc4 Ke6 34.
Ra2 Kd7 35. Ra1 Ke6 36. Ra2 Kd7 37. Ra1 1/2-1/2

[Event "OLNN 1718 SK Marmstorf - Königsspringer"]
[Site "?"]
[Date "2018.01.21"]
[Round "5.2"]
[White "Hawellek, Jeronimo"]
[Black "Zimmermann, Julian"]
[Result "1/2-1/2"]
[WhiteElo "2283"]
[BlackElo "2334"]
[PlyCount "81"]
[EventDate "2018.??.??"]

1. d4 Nf6 2. c4 e6 3. Nf3 b6 4. g3 Bb7 5. Bg2 g6 6. O-O Bg7 7. Nc3 Ne4 8. Nxe4
Bxe4 9. Bg5 Qc8 10. Qd2 O-O 11. Bh6 d6 12. Bxg7 Kxg7 13. Bh3 Bxf3 14. exf3 Nd7
15. f4 Qd8 16. Rfe1 Qf6 17. Re3 Rad8 18. b4 c5 19. Rd1 cxd4 20. Qxd4 Qxd4 21.
Rxd4 Nf6 22. Bg2 Rc8 23. Ra3 d5 24. cxd5 exd5 25. Rxa7 Rc1+ 26. Bf1 Rfc8 27.
Rd2 Rb1 28. Kg2 Rxb4 29. f3 d4 30. Bd3 Rc5 31. Kf2 Rc1 32. Be4 Rh1 33. Kg2 Re1
34. a3 Rc4 35. Ba8 Ra1 36. Be4 Re1 37. Bd3 Rc3 38. a4 Ra3 39. Bb5 h5 40. Rb7 h4
41. Bc4 1/2-1/2

[Event "OLNN 1718 SK Marmstorf - Königsspringer"]
[Site "?"]
[Date "2018.01.21"]
[Round "5.3"]
[White "Schmidt, Jan-Peter"]
[Black "Mueller, Tobias"]
[Result "1-0"]
[WhiteElo "2239"]
[BlackElo "2117"]
[PlyCount "55"]
[EventDate "2018.??.??"]

1. Nf3 f5 2. g3 Nf6 3. Bg2 d6 4. d4 g6 5. O-O Bg7 6. c4 c6 7. Nc3 O-O 8. Rb1 a5
9. b3 Qc7 10. d5 Na6 11. Nd4 e5 12. dxe6 Nc5 13. Bf4 Nh5 14. Ndb5 cxb5 15. Bxd6
Qb6 16. e7 Re8 17. Nxb5 Na6 18. Qd5+ Kh8 19. Rbd1 Nf6 20. Qf7 Bd7 21. Be5 Be6
22. Qxf6 Bxf6 23. Bxf6+ Kg8 24. Rd6 Qc5 25. Rxe6 Rab8 26. Bd4 Qc8 27. Bd5 Nb4
28. Rxg6# 1-0

[Event "OLNN 1718 SK Marmstorf - Königsspringer"]
[Site "?"]
[Date "2018.01.21"]
[Round "5.4"]
[White "Ramme, Christoph"]
[Black "Dettmann, Steffen"]
[Result "1/2-1/2"]
[WhiteElo "2179"]
[BlackElo "2205"]
[PlyCount "30"]
[EventDate "2018.??.??"]

1. d4 d5 2. Nf3 Nf6 3. c4 e6 4. g3 Be7 5. Bg2 O-O 6. O-O dxc4 7. Ne5 Nc6 8.
Bxc6 bxc6 9. Nxc6 Qe8 10. Nxe7+ Qxe7 11. Qc2 e5 12. dxe5 Qxe5 13. Qxc4 Be6 14.
Qc2 Bf5 15. Qc4 Be6 {(=)} 1/2-1/2

[Event "OLNN 1718 SK Marmstorf - Königsspringer"]
[Site "?"]
[Date "2018.01.21"]
[Round "5.5"]
[White "Borgmeyer, Max"]
[Black "Mueller, Jan Hendrik"]
[Result "1-0"]
[WhiteElo "2210"]
[BlackElo "2132"]
[PlyCount "131"]
[EventDate "2018.??.??"]

1. e4 e6 2. d4 d5 3. Nc3 Bb4 4. e5 c5 5. a3 Bxc3+ 6. bxc3 Ne7 7. Nf3 h6 8. Be2
b6 9. O-O Ba6 10. Bxa6 Nxa6 11. Qe2 Qc8 12. Qb5+ Nc6 13. a4 O-O 14. Ba3 Rb8 15.
Rab1 Rd8 16. Qd3 Na5 17. Nd2 Nc4 18. Bc1 cxd4 19. cxd4 Nxd2 20. Bxd2 Qc4 21.
Qg3 Kh7 22. c3 b5 23. axb5 Rxb5 24. Rbd1 Rf8 25. Rfe1 Nc7 26. Re3 Ne8 27. Qg4
a5 28. Rh3 Rh8 29. Bxh6 Kg8 30. Qg5 Rb8 31. Rg3 Rh7 32. Qc1 a4 33. Bg5 Qa2 34.
Qa1 Rb2 35. Qxa2 Rxa2 36. Re3 Kf8 37. Ree1 f6 38. Be3 fxe5 39. dxe5 Rh4 40.
Bc5+ Kf7 41. Ra1 Rxa1 42. Rxa1 Rc4 43. Bd4 Nc7 44. Rb1 a3 45. Kf1 a2 46. Ra1
Nb5 47. Rxa2 g5 48. f3 Nxd4 49. cxd4 Rxd4 50. Ra7+ Kg6 51. g4 Rb4 52. Rc7 Rb6
53. Kf2 Ra6 54. Ke3 Rb6 55. Kd3 Kh6 56. Rd7 Kg6 57. Rd6 Rxd6 58. exd6 Kf7 59.
Kd4 Ke8 60. Ke5 Kd8 61. f4 gxf4 62. Kxf4 d4 63. g5 e5+ 64. Ke4 Kd7 65. g6 Kxd6
66. g7 1-0

[Event "OLNN 1718 SK Marmstorf - Königsspringer"]
[Site "?"]
[Date "2018.01.21"]
[Round "5.6"]
[White "Hohlbein, Michael"]
[Black "Harder, Clemens"]
[Result "1/2-1/2"]
[WhiteElo "2090"]
[BlackElo "2190"]
[PlyCount "57"]
[EventDate "2018.??.??"]

1. e4 e5 2. Bc4 Nf6 3. d4 exd4 4. Nf3 Nc6 5. e5 d5 6. Bb5 Ne4 7. Nxd4 Bd7 8.
Bxc6 bxc6 9. O-O Bc5 10. f3 Ng5 11. f4 Ne4 12. Be3 Qe7 13. Nc3 Nxc3 14. bxc3
O-O 15. Bf2 f6 16. Bh4 Qf7 17. exf6 gxf6 18. Qf3 Rae8 19. Rae1 Rxe1 20. Rxe1
Qg6 21. Bf2 Bxd4 22. Bxd4 Bf5 23. Re3 Re8 24. Qe2 Rxe3 25. Qxe3 Be4 26. Qh3 a6
27. Bc5 Bf5 28. Qe3 Be4 29. Qh3 {(=)} 1/2-1/2

[Event "OLNN 1718 SK Marmstorf - Königsspringer"]
[Site "?"]
[Date "2018.01.21"]
[Round "5.7"]
[White "Lock, Adrian"]
[Black "Diekmann, Jens"]
[Result "1/2-1/2"]
[WhiteElo "2072"]
[BlackElo "2044"]
[PlyCount "50"]
[EventDate "2018.??.??"]

1. e4 c5 2. Nf3 Nc6 3. Bb5 g6 4. Bxc6 dxc6 5. d3 Bg7 6. h3 e5 7. Be3 Qe7 8. Nc3
Nf6 9. Qd2 O-O 10. Bh6 Nd7 11. O-O Re8 12. Bxg7 Kxg7 13. Nh2 Nf8 14. f4 exf4
15. Rxf4 Ne6 16. Rf2 Qg5 17. Qxg5 Nxg5 18. Raf1 Re7 19. b3 Bd7 20. Nf3 Nxf3+
21. Rxf3 Rf8 22. Kh2 Re5 23. Na4 Be6 24. Nb2 Rd8 25. a4 Rd7 {(=)} 1/2-1/2

[Event "OLNN 1718 SK Marmstorf - Königsspringer"]
[Site "?"]
[Date "2018.01.21"]
[Round "5.8"]
[White "Peschke, Matthias"]
[Black "Lampe, Joerg"]
[Result "0-1"]
[WhiteElo "1989"]
[BlackElo "2113"]
[PlyCount "44"]
[EventDate "2018.??.??"]

1. c4 e6 2. g3 d5 3. Bg2 c5 4. Nf3 Nc6 5. b3 Nf6 6. e3 Be7 7. O-O O-O 8. Bb2 b6
9. d3 Bb7 10. Nc3 Qd7 11. Qe2 Rad8 12. Rad1 Qc8 13. Nb5 a6 14. Na3 Nb4 15. Bc3
Qa8 16. Bxb4 cxb4 17. Nc2 dxc4 18. bxc4 b5 19. cxb5 Nd5 20. Ncd4 Nc3 21. Qd2
Nxd1 22. Qxd1 axb5 0-1

[Event "OLNN 1718 Lübecker SV - Schachfreunde S"]
[Site "?"]
[Date "2018.01.21"]
[Round "5.1"]
[White "Danielsen, Henrik"]
[Black "Kreuzholz, Michael"]
[Result "1-0"]
[WhiteElo "2496"]
[BlackElo "2345"]
[PlyCount "53"]
[EventDate "2018.??.??"]

1. Nf3 c5 2. e4 Nc6 3. Bb5 g6 4. Bxc6 bxc6 5. O-O Bg7 6. Re1 Nh6 7. d4 cxd4 8.
Nxd4 O-O 9. Nc3 e5 10. Nf3 d6 11. Qd3 Bg4 12. Bg5 f6 13. Bxh6 Bxh6 14. Rad1 Qb6
15. Qc4+ Kh8 16. Rxd6 Qxb2 17. Rb1 Qa3 18. Rxc6 Rac8 19. Ne1 Rxc6 20. Qxc6 Bd2
21. Nd5 Bxe1 22. Rxe1 Qxa2 23. h3 Qa5 24. Rb1 Be2 25. Rb7 Qd8 26. Rxa7 f5 27.
Qb7 1-0

[Event "OLNN 1718 Lübecker SV - Schachfreunde S"]
[Site "?"]
[Date "2018.01.21"]
[Round "5.2"]
[White "Riess, Alexander"]
[Black "Schulz, Karsten"]
[Result "1/2-1/2"]
[WhiteElo "2305"]
[BlackElo "2293"]
[PlyCount "49"]
[EventDate "2018.??.??"]

1. d4 c5 2. d5 d6 3. e4 g6 4. Nc3 Bg7 5. Nf3 Nf6 6. h3 O-O 7. Bc4 b5 8. Nxb5
Nxe4 9. O-O Nd7 10. Bd3 Nef6 11. c4 Nb6 12. a4 a6 13. Nc3 Rb8 14. Ra2 e6 15. a5
Na8 16. dxe6 Bxe6 17. Ng5 Nc7 18. Re1 Re8 19. b3 Qd7 20. Rae2 h6 21. Nxe6 Nxe6
22. Be3 Qc7 23. Bd2 Qd7 24. Be3 Qc7 25. Bd2 1/2-1/2

[Event "OLNN 1718 Lübecker SV - Schachfreunde S"]
[Site "?"]
[Date "2018.01.21"]
[Round "5.3"]
[White "de Jong, Migchiel"]
[Black "Kololli, Martin"]
[Result "1-0"]
[WhiteElo "2337"]
[BlackElo "2306"]
[PlyCount "81"]
[EventDate "2018.??.??"]

1. e4 e5 2. Nf3 Nc6 3. Bb5 a6 4. Ba4 Nf6 5. O-O Be7 6. d3 b5 7. Bb3 d6 8. a3
O-O 9. Nc3 Bg4 10. Be3 Nd4 11. Bxd4 exd4 12. Nd5 c6 13. h3 Bxf3 14. Nxe7+ Qxe7
15. Qxf3 Nd7 16. Qg3 Nc5 17. Ba2 Rab8 18. f4 b4 19. Qf2 bxa3 20. bxa3 Qf6 21.
Rab1 Ne6 22. Rb4 Rxb4 23. axb4 Rb8 24. Qd2 Nc7 25. Bc4 d5 26. Bb3 Qd6 27. Re1
Kf8 28. f5 Qxb4 29. Qf2 Re8 30. f6 gxf6 31. Rf1 Re6 32. Qh4 Ke7 33. Qxh7 Qd2
34. Kh1 Re5 35. Qh8 Ne8 36. exd5 cxd5 37. Ba4 Kd8 38. Bxe8 Rxe8 39. Qxf6+ Re7
40. Rb1 Qc3 41. Qd6+ 1-0